000 00572nam a22002057a 4500
005 20160614125238.0
010 _aENG-97934
020 _a9788190706155
_c425.00
035 _aEN-81467
037 _bDBAD/PUB
082 _a881
100 _aMitra, Sandip
245 _aSeventeen oceans :
_bpoems /
_cby Sandip Mitra
260 _aDelhi
_bSalasar Imaging Systems
_c2010
270 _a18/1, Jadavpore East Road Jadavpore
_bKolkata
_e700032
300 _axi, 131p.
_c22cm (Hb)
650 _aPoems
650 _aLiterature
942 _2ddc
_cEN
_h881
_mMIT
999 _c38897
_d38897